Las suspensiones de algunos efectos del contrato de trabajo (Registro nro. 772)

Detalles MARC
000 -LEADER
fixed length control field 01757 a2200241 4500
001 - CONTROL NUMBER
control field 20956
005 - DATE AND TIME OF LATEST TRANSACTION
control field 20260407155502.0
008 - FIXED-LENGTH DATA ELEMENTS--GENERAL INFORMATION
fixed length control field 260407a2008 arg spa d
003 - CONTROL NUMBER IDENTIFIER
control field AR-UNSa-BCEJYS
040 ## - CATALOGING SOURCE
Original cataloging agency AR-UNSa-BCEJYS
Language of cataloging spa
Transcribing agency AR-UNSa-BCEJYS
080 ## - UNIVERSAL DECIMAL CLASSIFICATION NUMBER
Universal Decimal Classification number 349.22:331.106
Common auxiliary subdivision Contrato de trabajo
020 ## - INTERNATIONAL STANDARD BOOK NUMBER
International Standard Book Number 978-950-727-939-3
100 1# - MAIN ENTRY--PERSONAL NAME
Personal name Altamira Gigena, Raúl Enrique
245 10 - TITLE STATEMENT
Title Las suspensiones de algunos efectos del contrato de trabajo
264 #1 - PRODUCTION, PUBLICATION, DISTRIBUTION, MANUFACTURE, AND COPYRIGHT NOTICE
Place of production, publication, distribution, manufacture Buenos Aires :
Name of producer, publisher, distributor, manufacturer Rubinzal-Culzoni Editores
Date of production, publication, distribution, manufacture, or copyright notice 2008
300 ## - PHYSICAL DESCRIPTION
Extent 533 p.
Dimensions 22 cm.
505 ## - FORMATTED CONTENTS NOTE
Formatted contents note 1. La suspensión - 2. Clasificación de las suspensiones - 3. Suspensión por proceso penal y por razones preventivas - 4. Suspensión para proteger situaciones especiales de la mujer - 5. Suspensiones por servicio militar o convocatorias militares especiales - 6. Suspensiones voluntarias (acuerdo de las partes) - 7. Suspensiones por razones disciplinarias - 8. Suspensiones por desempeño de cargos electivos del trabajador - 9. Huelga, la huelga en sí misma. Medidas de acción directa. Otras formas de suspensión por medidas vinculadas al ejercicio de derechos sindicales. Causas y efectos. "Lock-out" empresarial - 10. Suspensiones por licencias del trabajador - 11. Extinción del contrato durante el goce de la suspensión - 12. Suspensión durante el preaviso - 13. Suspensiones en algunos estatutos especiales - 14. Propuesta de una correcta aplicación del instituto de la suspensión
590 ## - LOCAL NOTE (RLIN)
Local note niveau_biblio:m niveau_hierar:0
700 1# - ADDED ENTRY--PERSONAL NAME
Personal name Costamagna, Olivio Rubén
700 1# - ADDED ENTRY--PERSONAL NAME
Personal name Saccani, Carlos Honorio
856 41 - ELECTRONIC LOCATION AND ACCESS
Uniform Resource Identifier <a href="https://biblioeco.unsa.edu.ar/pmb/images/libros/Las Suspensiones de Algunos Efectos del Contrato de Trabajo.jpg">https://biblioeco.unsa.edu.ar/pmb/images/libros/Las Suspensiones de Algunos Efectos del Contrato de Trabajo.jpg</a>
Link text Imagen de portada
Electronic format type image/jpeg
942 ## - ADDED ENTRY ELEMENTS (KOHA)
Koha item type
Existencias
Withdrawn status Lost status Damaged status Not for loan Home library Current library Shelving location Date acquired Total checkouts Full call number Barcode Date last seen Price effective from Koha item type
        Biblioteca Prof. Eusebio Cleto del Rey Biblioteca Prof. Eusebio Cleto del Rey   07/04/2026   349.22:331.106 A465 L119171 07/04/2026 07/04/2026 Libro
        Biblioteca Prof. Eusebio Cleto del Rey Biblioteca Prof. Eusebio Cleto del Rey   07/04/2026   349.22:331.106 A465 L119172 07/04/2026 07/04/2026 Libro
        Biblioteca Prof. Eusebio Cleto del Rey Biblioteca Prof. Eusebio Cleto del Rey   07/04/2026   349.22:331.106 A465 L119173 07/04/2026 07/04/2026 Libro